| 000 | 01497nam a2200253 a 4500 | ||
|---|---|---|---|
| 005 | 20260112063259.0 | ||
| 020 | _a9781591396857 (hardcover : alk. paper) | ||
| 020 | _a1591396859 (hardcover : alk. paper) | ||
| 039 |
_a202110201338 _bstaff _c201212110022 _d staff _c201007182313 _d staff _y 201007182312 _z staff |
||
| 082 |
_a658.4063 _bMCG [ Shelf 60 ] |
||
| 100 | _aMcGrath, Rita Gunther. | ||
| 245 |
_aDiscovery-driven growth : _ba breakthrough process to reduce risk and seize opportunity / _cRita Gunther McGrath, Ian C. MacMillan. |
||
| 260 |
_aBoston, Mass. : _bHarvard Business Press, _cc2009. |
||
| 300 |
_avi, 249 p. : _bill. ; _c25 cm. |
||
| 504 | _aIncludes bibliographical references (p. 227-235) and index. | ||
| 505 | _aDriving corporate growth with the right disciplines -- Creating your growth framework -- Aligning the organization for growth -- Designing specific growth initiatives -- Designing the business model architecture -- Creating reverse financials and the assumption checklist -- Actively managing and redirecting projects -- Practicing the necessary art of disengagement -- Implementing discovery-driven growth -- Sustaining discovery-driven growth. | ||
| 650 |
_aCorporations _x Growth _x Management. |
||
| 650 | _aOrganizational effectiveness. | ||
| 650 | _aStrategic planning. | ||
| 700 |
_aMacMillan, Ian C., _d 1940- |
||
| 991 | _aVIRTUA40 | ||
| 991 | _aVTLSSORT0080*0200*0201*0820*1000*2450*2600*3000*5040*5050*6500*6501*6502*7000*9992 | ||
| 909 | _a3441 | ||
| 999 |
_c3039 _d3039 |
||